000 01326nam a22003857a 4500
001 0003495
003 KOHA_MİRAKIL
005 20260207001338.0
007 ta
008 090406b2009 tu |||gre|||#0|||0|tur |
020 _a9789758195305
_c0,01
040 _aTR-BiSEU
_btur
_cTR-BiSEU
_erda
041 0 _atur
044 _ctu
050 _aJA64.T8
_bK37 2009
100 1 _aKardeş, Salahaddin.
245 1 _aTüm kamu idarelerinin bütçe ve muhasebe ansiklopedisi/
_cSalahaddin Kardeş ; Salahaddin Kardeş.
264 1 _aAnkara :
_bT.C. Maliye Bakanlığı, 2009.
_c2009
300 _a2 c.
336 _ametin
_btxt
_2rdacontent
337 _aaracısız
_bn
_2rdamedia
338 _acilt
_bnc
_2rdacarrier
490 1 _aT.C.
490 1 _aMaliye Bakanlığı Strateji Geliştirme Başkanlığı ;
_vyayın no: 2009/387.
500 _aKaynakça var.
500 _aCilt 2 L-Z
650 0 _aSiyasal bilim--Türkiye--Ansiklopediler.
_98537
650 0 _aKamu yönetimi--Türkiye--Ansiklopediler.
_98538
650 0 _aPolitical science--Turkey--Encyclopedias.
_98539
650 0 _aPublic administration--Turkey--Encyclopedias.
_98540
830 1 _aT.C.
_96297
830 1 _aMaliye Bakanlığı Strateji Geliştirme Başkanlığı ;
_vyayın no: 2009/387.
_98105
907 _aAnsiklopedi
942 _2lcc
_cBK
999 _c3479
_d3479